SoS Environment, Transport and the Regions v Baylis (Gloucester) Ltd and another (Record no. 64544)

MARC details
000 -LEADER
fixed length control field 01368cam a2200205 4500
001 - CONTROL NUMBER
control field ABS62791
008 - FIXED-LENGTH DATA ELEMENTS--GENERAL INFORMATION
fixed length control field 000000n2000 000 0 eng u
035 ## - SYSTEM CONTROL NUMBER
System control number (Sirsi) u108030
245 ## - TITLE STATEMENT
Title SoS Environment, Transport and the Regions v Baylis (Gloucester) Ltd and another
260 ## - PUBLICATION, DISTRIBUTION, ETC.
Date of publication, distribution, etc. 2000
490 ## - SERIES STATEMENT
Series statement Estates Gazette
Volume/sequential designation [2000] 32 EG 92-104(11)
520 ## - SUMMARY, ETC.
Summary, etc. ChD 14 April 2000. In 1964 D dedicated a strip of land as public highway. B was the registered proprietor of land that comprised part of the disputed strip and an area to the north of it. B had acquired the land from the second defendant. Local highway authority mowed grass on the disputed strip each year but no other works were carried out even though the strip contained street lights, a road sign and a cycle path. Claimant brought proceedings against the defendants alleging that works had been carried out on the strip. Defendants claimed it was not part of the highway. B claimed against second defendant for breach of implied covenants of title and of the sale contract. "Held" the use of the word 'forthwith' in the 1964 document was enough to demonstrate an intention to dedicate immediately.
590 ## - LOCAL NOTE (RLIN)
Local note ABS
650 ## - SUBJECT ADDED ENTRY--TOPICAL TERM
Topical term or geographic name entry element DEDICATION
650 ## - SUBJECT ADDED ENTRY--TOPICAL TERM
Topical term or geographic name entry element PUBLIC HIGHWAY
650 ## - SUBJECT ADDED ENTRY--TOPICAL TERM
Topical term or geographic name entry element BREACH OF COVENANT
650 ## - SUBJECT ADDED ENTRY--TOPICAL TERM
Topical term or geographic name entry element IMPLIED COVENANTS
690 ## - LOCAL SUBJECT ADDED ENTRY--TOPICAL TERM (OCLC, RLIN)
Topical term or geographic name as entry element PROPERTY AND LAND LAW-CASE LAW
942 ## - ADDED ENTRY ELEMENTS (KOHA)
Suppress in OPAC 0
Holdings
Withdrawn status Lost status Source of classification or shelving scheme Damaged status Not for loan Home library Current library Shelving location Date acquired Total Checkouts Full call number Barcode Date last seen Copy number Price effective from Koha item type
    Dewey Decimal Classification     London London Journal article 30/08/2000   ABS62791 108030-1001 06/08/2019 1 06/08/2019 Law report